000 00302nam a22001337a 4500
008 171027b xxu||||| |||| 00| 0 eng d
020 _a9780030980671
041 _aeng
080 _27 ED
_a338
100 _a55
101 _aMEN
245 _aFINANCIAL MANAGEMENT
_cBRIGHAM.E.F
942 _2udc
_cBK
999 _c35979
_d35979